000 00664nam a22002177a 4500
999 _c18617
_d18617
003 AR-CdUCM
008 190514b ||||| |||| 00| 0 spa d
040 _aMUNICIPALIDAD PROVINCIAL DEL CUSCO
_cBIBLIOTECA MUNICIPAL DEL CUSCO
082 _a848.73 /
_bM98
100 _aMusset, Alfredo de
_939312
245 _aLa confesión de un hijo del siglo /
260 _aBarcelona :
_bFeliu y Susanna,
300 _a359 páginas ;
_c19 cm.
505 _aContenido : Narrativa
650 _aLiteratura
_983
650 _aEspañola
_924066
650 _aSiglo XX
_98
700 _aOrts-Ramos, T. (Traducción)
_939313
942 _2ddc
_cLIBROS
945 _arah
_d2019/05/14